000
00503nam a2200169Ia 4500
008
090711s9999 xx 000 0 und d
082
_b
55078
100
_a
खाडिलकर नीलकंठ य.
245
_a
लेखननामा
260
_c
1986
300
_a
204
600
_a
खाडिलकर नीलकंठ य.
630
_a
लेखननामा
700
_a
खाडिलकर नीलकंठ य.
730
_a
लेखननामा
942
_c
BOOK
999
_c
288309
_d
288309